| 000 | 01200cam a2200265 4500 | ||
|---|---|---|---|
| 001 | ABS63030 | ||
| 008 | 000000n2000 000 0 eng u | ||
| 035 | _a(Sirsi) u109001 | ||
| 100 | _aSmith, K. | ||
| 245 | _aHooked up but not hooked in | ||
| 260 | _c2000 | ||
| 490 |
_aProperty Week _v65(40) 13 October 2000, 50-52(3) |
||
| 520 | _aReviews the findings of a survey conducted by the Property Computer Show, for Property Week, which looked into Internet and email use in the property industry. Findings suggest that estate agents are 'slightly less backward' than lawyers when it comes to using these tools, but are failing to use them to real business advantage. Website numbers have risen dramatically over the last two years. However there is an emphasis on marketing at the expense of automating business processes. Only 7% of survey participants were using extranets. Graphs. | ||
| 590 | _aABS | ||
| 650 | _aE-MAIL | ||
| 650 | _aWEBSITES | ||
| 650 | _aPROPERTY INDUSTRY | ||
| 650 | _aPROPERTY WEEK | ||
| 650 | _aPROPERTY COMPUTER SHOW | ||
| 650 | _aSURVEY | ||
| 650 | _aTRANSACTIONS | ||
| 690 | _aINFORMATION TECHNOLOGY-INTERNET | ||
| 700 | _aLawson, D. | ||
| 942 | _n0 | ||
| 999 |
_c65097 _d65097 |
||